000
00305nam a2200133Ia 4500
003
GCL
008
140319s9999 xx 000 0 ara d
040
_a
GCL /
_c
GCL
082
0
4
_a
811.3
_b
ف د
245
1
0
_a
ديوان الفرزدق
260
_a
[S.N] :
_b
دار صادر
300
_a
433 ص
490
_a
999
_c
33278
_d
33278